| 000 | 00721nam a2200241Ia 4500 | ||
|---|---|---|---|
| 003 | OSt | ||
| 005 | 20221006164020.0 | ||
| 006 | a|||||r|||| 00| 0 | ||
| 007 | ta | ||
| 008 | 221006b |||||||| |||| 00| 0 eng d | ||
| 024 | _a7,098 | ||
| 037 | _cTextual | ||
| 040 |
_aFML _cFML _beng |
||
| 041 |
_2eng _aeng |
||
| 082 | _aNR44xM60, 3, 111N0 | ||
| 100 |
_aBhathkhande Vishnu Narayan Au. _9676450 |
||
| 245 | 0 | _aKramik Pustak Malika | |
| 260 |
_aHathras _bSangeet Karyalaya India _c1990 |
||
| 300 |
_a83 _ccm. |
||
| 700 |
_a Garg Lakshmi Narayan Ed. _9676451 |
||
| 942 |
_hNR44xM60, 3, 111N0 _cTEXL _2CC |
||
| 999 |
_c1115992 _d1115992 |
||